| 000 | 00469nam a2200205Ia 4500 | ||
|---|---|---|---|
| 008 | 210210b1876 xxu||||| |||| 00| 0 eng d | ||
| 041 | _aeng | ||
| 082 | _a828/466 | ||
| 100 | _aNICOLAS (P H) | ||
| 245 | _aNaval and military heroes of Britain | ||
| 260 |
_aLondon _bGeorge Bell and Sons _c1876 |
||
| 650 | _aof | ||
| 650 | _aNaval | ||
| 650 | _amilitary | ||
| 650 | _aheroes | ||
| 650 | _aBritain | ||
| 650 | _aand | ||
| 690 | _aBiography | ||
| 906 | _a016310 | ||
| 999 |
_c135799 _d135799 |
||